000 00571nam a2200181Ia 4500
008 100920s9999 xx 000 0 und d
082 _b95481
_a891.43 थ 60
100 _aचेेेस जेम्स हॅडली.
245 _aखूनी सपना.
260 _bसाधना पॉकेट बुक्स दिल्ली.
_c1960
300 _a186
_bसाधी
365 _b10
520 _aहिंदी.
630 _aखूनी सपना.
650 _aहिंदी.
730 _aखूनी सपना.
942 _cBOOK
999 _c735923
_d735920